000 01559nam a2200349 4500
003 CO-CtgCURN
005 20250331185258.0
007 ta
008 160627s2006 000 0 eng d
020 _a9788437065489
040 _aCO-CtgCURN
_bspa
_ccoctgcurn
082 0 _a658.562
_bS478
100 1 _aSáenz Ramírez, Silvia.
245 1 0 _aSistema de mejora continua de la calidad en el laboratorio :
_bteoría y práctica /
_cSilvia Sáenz Ramírez, Luis Gregorio Gómez-Cambronero López.
260 _aValencia :
_bUniversitat de València,
_c2006.
300 _a197 p :
_btablas, fot., il.
336 _2rdacontent
337 _2rdamedia
_asin mediacion
_bn
338 _2rdacarrier
_avolumen
_bnc
504 _aIncluye bibliografía (187-197)
505 8 _aCalidad y sistemas de calidad -- Procesos analíticos -- Factores productores de variabilidad -- Bases estadísticas de aplicación en calidad -- Errores analíticos y evaluación de la calidad -- Diseño de un sistema de calidad -- Aplicación práctica de un sistema de la calidad
650 1 4 _aLaboratorios
_vControl de calidad.
650 1 4 _aLaboratorios de hospitales
_vControl de calidad.
650 1 4 _aLaboratorios clínicos
_vGestión de calidad.
650 1 4 _aLaboratorios.
650 1 4 _aControl de calidad.
700 1 _aGómez-Cambronero López, Luis Gregorio.
908 _a160627
942 _cBK
_h658.562
_iS478
_2ddc
999 _c25119
_d25119